ARRUPE JESUIT UNIVERSITY

CORONAVIRUS -STOP THE SPREAD - CLEAN,DISINFECT,COVER

The secret to mental health (Record no. 131975)

MARC details
000 -LEADER
fixed length control field 00566nam a22001937a 4500
003 - CONTROL NUMBER IDENTIFIER
control field ARRUPE
005 - DATE AND TIME OF LATEST TRANSACTION
control field 20251022120336.0
008 - FIXED-LENGTH DATA ELEMENTS--GENERAL INFORMATION
fixed length control field 251022b |||||||| |||| 00| 0 eng d
040 ## - CATALOGING SOURCE
Transcribing agency AJU
050 ## - LIBRARY OF CONGRESS CALL NUMBER
Classification number RC460.S94 2024
300 ## - PHYSICAL DESCRIPTION
Materials specified Book
Other physical details N/A
Dimensions 22cm.
100 ## - MAIN ENTRY--PERSONAL NAME
Personal name Pransky, George S.
9 (RLIN) 52937
245 ## - TITLE STATEMENT
Title The secret to mental health
Remainder of title an operating manual for the human mind
Statement of responsibility, etc George S. Pransky
260 ## - PUBLICATION, DISTRIBUTION, ETC. (IMPRINT)
Name of publisher, distributor, etc Pransky an associates
Date of publication, distribution, etc 2024
300 ## - PHYSICAL DESCRIPTION
Extent xiv, 260pages. ;
650 ## - SUBJECT ADDED ENTRY--TOPICAL TERM
Topical term or geographic name as entry element Menatl health
9 (RLIN) 52938
650 ## - SUBJECT ADDED ENTRY--TOPICAL TERM
Topical term or geographic name as entry element Human mind
9 (RLIN) 52939
942 ## - ADDED ENTRY ELEMENTS (KOHA)
Source of classification or shelving scheme Library of Congress Classification
Koha item type Monograph ( Printed materials)
Holdings
Withdrawn status Lost status Source of classification or shelving scheme Damaged status Not for loan Collection code Home library Current library Shelving location Date acquired Total Checkouts Full call number Barcode Date last seen Price effective from Koha item type
    Library of Congress Classification     Main Collection ARRUPE LIBRARY ARRUPE LIBRARY Main Collection 22/10/2025   RC460.S94 2024 46700000479 22/10/2025 22/10/2025 Monograph ( Printed materials)

 

Arrupe Library. PO Box MP320 Mt Pleasant, Harare, Zimbabwe
263 242 745411|librarian@aju.ac.zw